Statistics for Venezuela Country Quiz

Click here to take the quiz!

General Stats

  • This quiz has been taken 23,505 times
    (22,803 since last reset)
  • The average score is 14 of 20

Answer Stats

HintAnswer% Correct
Countries bordering VenezuelaBrazil
98%
Countries bordering VenezuelaColombia
98%
Official languageSpanish
98%
Capital cityCaracas
95%
Countries bordering VenezuelaGuyana
95%
Sea on which Venezuela liesCaribbean Sea
90%
Venezuela has more proven reserves
of this than any other country
Oil
90%
Supposedly, Americo Vespucci named
Venezuela after this European city
Venice
88%
In 2018, this economic figure
reached 1,000,000%
Inflation
83%
World's tallest waterfalls{Angel} Falls
81%
Most popular sportBaseball
75%
Independence leader for whom the
currency is named
Simón Bolívar
75%
President of Venezuela, 1999–2012Hugo Chávez
62%
President of Venezuela, 2013–Nicolás Maduro
53%
Animated Pixar movie
which featured those mountains
Up
53%
Longest river / namesake of
an Enya song
Orinoco
44%
Women from Venezuela have won 23
major international ...
{Beauty} {Pageant}s
42%
Island in that sea which shares its
name with a popular cocktail
Isla {Margarita}
41%
Sometimes called the largest lake
in South America, it is more often
considered to be an ocean bay
Lake {Maracaibo}
37%
"T" word that refers to the table-top
mountains of southeastern Venezuela
Tepui
16%

Score Distribution

Percentile by Number Answered

Percent of People with Each Score

Your Score History

You have not taken this quiz since the last reset